[Event "HZ Open"]
[Site "Vlissingen NED"]
[Date "2006.08.10"]
[Round "7"]
[White "Grooten,H"]
[Black "L'Ami,E"]
[Result "0-1"]
[WhiteElo "2362"]
[BlackElo "2586"]

1.c4 c6 2.d4 d5 3.cxd5 cxd5 4.Nc3 Nc6 5.Bf4 Nf6 6.e3 a6 7.Bd3 Bg4 8.Nge2 e6
9.Rc1 Bd6 10.f3 Bh5 11.O-O O-O 12.Na4 Bg6 13.Nc5 Bxc5 14.Rxc5 Qb6 15.Bxg6 hxg6
16.Qb3 Qxb3 17.axb3 Nd7 18.Rc3 f6 19.Bd6 Rfc8 20.Rfc1 Kf7 21.e4 g5 22.g4 Nf8
23.exd5 exd5 24.f4 gxf4 25.Nxf4 Ne6 26.Nxd5 Nexd4 27.Nb6 Ne2+ 28.Kf2 Nxc1
29.Rxc1 Rd8 30.Bc7 Rac8 31.Nxc8 Rxc8 32.Bb6 Rh8 33.Kg3 Re8 34.Rd1 Re4 35.Rd7+ Kg6
36.Rxb7 Rb4 37.h4 Rxb3+ 38.Kf4 Rb4+ 39.Kg3 Ne5 40.h5+ Kh7 41.g5 fxg5 42.h6 Rb3+
43.Kf2 Rxb2+ 44.Kg3 Rb3+ 45.Kg2 Kxh6 46.Re7 Ng6 47.Re6 Kh5 48.Rd6 Nf4+ 49.Kf2 g4
50.Be3 g5 51.Rd2 g3+ 52.Kf3 g2  0-1

[Event "16th Open"]
[Site "Abu Dhabi UAE"]
[Date "2006.08.12"]
[Round "1"]
[White "Allahverdiev,A"]
[Black "Salem,AR"]
[Result "1-0"]
[WhiteElo "2435"]
[BlackElo "2154"]

1.c4 c6 2.Nf3 d5 3.g3 Nf6 4.Bg2 g6 5.O-O Bg7 6.d4 O-O 7.Nc3 dxc4 8.Ne5 Be6
9.e4 Nbd7 10.Qe2 Nb6 11.Be3 Nfd7 12.f4 f5 13.a4 Nxe5 14.dxe5 Qd3 15.Qf2 Qd8
16.a5 Nd7 17.Bxa7 fxe4 18.Qe3 Bh6 19.Nxe4 Nxe5 20.Nf2 Nf7 21.Bb6 Qc8 22.Rad1 Nd6
23.Rfe1 Bf7 24.Qxe7 Nf5 25.Qb4 Bg7 26.Bf1 Kh8 27.Bxc4 Bxc4 28.Qxc4 Bxb2 29.Ne4 Re8
30.Rd2 Bg7 31.Red1 h6 32.Rd7 Rf8 33.Rd8 Rxd8 34.Rxd8+ Qxd8 35.Bxd8 Rxd8 36.Qf7 Rd5
37.Qxg6 Rxa5 38.Nf6 Bxf6 39.Qxf6+ Kh7 40.g4 Ng7 41.f5  1-0

[Event "Acropolis Women's Open"]
[Site "Athens GRE"]
[Date "2006.08.14"]
[Round "2"]
[White "Foisor,S"]
[Black "Kononenko,T"]
[Result "1/2-1/2"]
[WhiteElo "2292"]
[BlackElo "2392"]

1.c4 c6 2.e4 d5 3.exd5 cxd5 4.cxd5 Nf6 5.Bb5+ Nbd7 6.Nc3 g6 7.Nge2 Bg7 8.O-O O-O
9.Nf4 Nb6 10.Qb3 g5 11.Nfe2 a6 12.Bc4 Nxc4 13.Qxc4 b5 14.Qb3 Bb7 15.d3 h6
16.a4 Nxd5 17.axb5 Nxc3 18.Nxc3 axb5 19.Be3 Bc6 20.Ne4 Qd7 21.Ng3 Rfd8 22.Rxa8 Rxa8
23.Bc5 Bd5 24.Qc2 Qc6 25.Nf5 Bf8 26.Ne3 Rc8 27.d4 e5 28.Qf5 Be4 29.Qxe5 Re8
30.Qg3 Bxc5 31.dxc5 Qxc5 32.h4 Qe5 33.Qxe5 Rxe5 34.Ng4 Re6 35.Re1 f5 36.Ne3 Kf7
37.hxg5 hxg5 38.f3 Bc6 39.Kf2 f4 40.Nf5 Rxe1 41.Kxe1 Kf6  1/2-1/2

[Event "Acropolis Women's Open"]
[Site "Athens GRE"]
[Date "2006.08.15"]
[Round "3"]
[White "Rogule,L"]
[Black "Danielian,E"]
[Result "1-0"]
[WhiteElo "2342"]
[BlackElo "2423"]

1.c4 c6 2.Nc3 d5 3.cxd5 cxd5 4.d4 Nf6 5.Bf4 Nc6 6.e3 a6 7.Nf3 Bg4 8.Rc1 Qb6
9.Qd2 e6 10.Bd3 Bxf3 11.gxf3 Qd8 12.Bg3 Bd6 13.f4 Rc8 14.O-O h6 15.Bb1 g6
16.Kh1 Nh5 17.Na4 Nf6 18.f3 Qe7 19.e4 Bb4 20.Qf2 Qd8 21.f5 exf5 22.exf5 g5
23.Be5 Bd6 24.Rce1 O-O 25.Rg1 b5 26.Nc3 Nxe5 27.dxe5 Bc5 28.Qh4 Kh7 29.Rxg5 Bf2
30.Qxf2 hxg5 31.exf6 b4 32.Qg3 Qxf6 33.Qh3+ Kg7 34.Nxd5 Rh8 35.Qxh8+ Rxh8
36.Nxf6 Kxf6 37.Kg2 Rd8 38.Re2 a5 39.Bc2 Rd4 40.Kf2 Rh4 41.Ke3  1-0

[Event "Acropolis Women's Open"]
[Site "Athens GRE"]
[Date "2006.08.16"]
[Round "4"]
[White "Smokina,K"]
[Black "Kononenko,T"]
[Result "1/2-1/2"]
[WhiteElo "2215"]
[BlackElo "2392"]

1.c4 c6 2.d4 d5 3.cxd5 cxd5 4.Nf3 Nf6 5.Nc3 Nc6 6.Bf4 a6 7.Rc1 Ne4 8.Ne5 Nxc3
9.Rxc3 Bd7 10.Nxc6 Bxc6 11.Qb3 e6 12.e3 Be7 13.Be2 O-O 14.O-O Qd7 15.Rfc1 a5
16.a3 a4 17.Qc2 Bd8 18.Bd3 h6 19.Qe2 Ba5 20.Rc5 Bb6 21.R5c3 Ba5 22.R3c2  1/2-1/2

[Event "Canadian Closed zt"]
[Site "Toronto CAN"]
[Date "2006.08.20"]
[Round "3"]
[White "Haessel,D"]
[Black "Belc,D"]
[Result "1-0"]
[WhiteElo "2195"]
[BlackElo "2064"]

1.c4 c6 2.g3 d5 3.Bg2 Nf6 4.Qb3 dxc4 5.Qxc4 e5 6.Nf3 Bd6 7.O-O O-O 8.d4 Be6
9.Qc2 Nbd7 10.Nc3 h6 11.dxe5 Nxe5 12.Nd4 Bg4 13.Rd1 Qc7 14.Nf5 Rfd8 15.Bf4 Bxf5
16.Qxf5 Qe7 17.Rxd6 Rxd6 18.Bxe5 Re6 19.Bd4 Rd8 20.e3 g6 21.Qf4 h5 22.Bh3 c5
23.Bxc5  1-0

[Event "XXVI Open A"]
[Site "Bratto ITA"]
[Date "2006.08.21"]
[Round "3"]
[White "Djabri,Z"]
[Black "Ceccarini,M"]
[Result "1/2-1/2"]
[WhiteElo "2059"]
[BlackElo "2140"]

1.c4 c6 2.e4 e5 3.Nf3 d6 4.d4 Bg4 5.Be2 Be7 6.O-O Bxf3 7.Bxf3 Bg5 8.Nc3 Bxc1
9.Rxc1 Nf6 10.d5 c5 11.a3 O-O 12.b4 Nbd7 13.Qd2 b6 14.b5 a6 15.bxa6 Rxa6
16.Nb5 Qe7 17.Rb1 Rb8 18.Rb3 Nf8 19.Rfb1 Ne8 20.Nc3 Qa7 21.Qb2 g6 22.Bg4 Ng7
23.Qc2 Qe7 24.Nd1 Qg5 25.Ne3 Rba8 26.Bh3 Qd8 27.Qb2 Rb8 28.g3 h6 29.a4 Nh7
30.a5 Ng5 31.Bg2 Rxa5 32.h4 Nh7 33.Rxb6 Rxb6 34.Qxb6 Qxb6 35.Rxb6 Ra1+ 36.Kh2 Ne8
37.Rb8 Kf8 38.h5 Nf6 39.hxg6 fxg6 40.Bf3 Ra4 41.Kh3 Ra2 42.Kg2 h5 43.Bd1 Ra7
44.Bc2 Ke7 45.Nd1 Nd7 46.Rb2 Ra3 47.Rb7 Kd8 48.Rb3 Rxb3 49.Bxb3 Ndf6 50.f3 g5
51.Ne3 Ng7 52.Kh3 Kc7 53.Ba4 Kb6 54.Bb5 Ka5 55.Nc2 Kb6 56.Ne3 Ka5  1/2-1/2

[Event "3rd Dato Arthur Tan"]
[Site "Kuala Lumpur MAS"]
[Date "2006.08.22"]
[Round "3"]
[White "Ranola,Y"]
[Black "Ton That Nhu Tung"]
[Result "1/2-1/2"]
[WhiteElo "2442"]
[BlackElo "2230"]

1.c4 c6 2.g3 d5 3.Bg2 Nf6 4.Nf3 Bf5 5.cxd5 cxd5 6.Qb3 Qc8 7.Nc3 e6 8.d3 Be7
9.O-O O-O 10.Re1 Na6 11.Bf4 Nc5 12.Qc2 h6 13.Rac1 Rd8 14.Na4 Nxa4 15.Qxa4 Qd7
16.Qxd7 Rxd7 17.Ne5 Rdd8 18.e4 dxe4 19.dxe4 Bh7 20.Rc7 Bb4 21.Rec1 Bxe4 22.Nxf7 Rf8
23.Bxe4 Nxe4 24.R1c4 Ba5 25.Rxb7 Nxf2 26.Kxf2 Bb6+ 27.Kf3 Rxf7 28.Rxf7 Kxf7
29.b4 Rd8 30.Ke2 e5 31.Be3 Ke6 32.a4 Kd5 33.Rc2 Rb8 34.Bxb6 Rxb6 35.b5 a6
36.bxa6 Rxa6 37.Ra2 Kc4 38.Ra1 Kb3 39.Rb1+ Kc3 40.Rc1+ Kb3 41.Rc7 Rxa4 42.Rxg7 Ra2+
43.Kf3 Rxh2 44.Re7 Rh5 45.Rg7 Kc4 46.Ke4 Kc3 47.g4 Rh3 48.Kxe5 Kd3 49.Kf4 Ke2
50.Ra7 Rf3+ 51.Ke4 Kf2 52.Ra4 Rf8 53.Ra3 Kg2 54.Ke5 Rf3 55.Ra6 Kg3  1/2-1/2

[Event "3rd Dato Arthur Tan"]
[Site "Kuala Lumpur MAS"]
[Date "2006.08.22"]
[Round "3"]
[White "Laylo,D"]
[Black "Nguyen Ngoc Truongson"]
[Result "1/2-1/2"]
[WhiteElo "2428"]
[BlackElo "2535"]

1.c4 c6 2.Nf3 d5 3.e3 Nf6 4.Nc3 a6 5.b3 Bg4 6.Be2 Nbd7 7.d4 e6 8.O-O b5 9.Bb2 Bd6
10.h3 Bf5 11.a4 b4 12.Na2 a5 13.Nc1 O-O 14.Nd2 Bg6 15.Nd3 Ne4 16.Rc1 Rc8
17.cxd5 cxd5 18.Nxe4 Bxe4 19.Rxc8 Qxc8 20.Qd2 Qb8 21.Rc1 Rc8 22.Rxc8+ Qxc8
23.Qc1 Qxc1+ 24.Nxc1 Kf8 25.Bd3 Ke7 26.f3 Bg6 27.Kf2 f6 28.Bxg6 hxg6 29.Nd3 Bc7
30.f4 Nb6 31.Kf3 Nc8 32.g4 Nd6 33.Nf2 f5 34.Bc1 Ne4 35.Nxe4 fxe4+ 36.Kg2 Kf7
37.Bd2 Bd8 38.Be1 Be7 39.h4 Bd8 40.Bg3 Bb6 41.Kh3 Bd8 42.Bh2 Bb6  1/2-1/2

[Event "Independence Cup A"]
[Site "Kyiv UKR"]
[Date "2006.08.22"]
[Round "10"]
[White "Zakharchenko,A"]
[Black "Zhizmer,Y"]
[Result "1-0"]
[WhiteElo "2275"]
[BlackElo "2393"]

1.c4 c6 2.e4 d5 3.exd5 cxd5 4.cxd5 Nf6 5.Qa4+ Nbd7 6.Nc3 g6 7.Bc4 Bg7 8.d3 a6
9.Nge2 O-O 10.Qa3 Ne5 11.Bf4 Ne8 12.Rd1 Nd6 13.Bb3 b5 14.Qc5 Bb7 15.O-O Rc8
16.Qa7 Ra8 17.Qe3 Nf5 18.Qd2 Nd7 19.Ne4 Nf6 20.d6 Nxd6 21.Nxd6 exd6 22.Ng3 Re8
23.Rc1 Qd7 24.Bh6 Bh8 25.h3 Bc6 26.Qf4 Nd5 27.Qg4 Qxg4 28.hxg4 Bb7 29.Ne4 Be5
30.Rc2 Kh8 31.Rfc1 f5 32.d4 fxe4 33.dxe5 Rxe5 34.Bxd5 Bxd5 35.Rc7 Ree8 36.Bg7+ Kg8
37.Bd4 Bf7 38.b3 a5 39.R1c6 a4 40.bxa4 Rxa4 41.Rxd6 Rc4 42.Rb7 Rc1+ 43.Kh2 Rd1
44.a3 Rd3 45.Rdd7 Rf8 46.g5 Rd1 47.Rxb5 Rd3 48.Rbb7 Rd2 49.a4 e3 50.fxe3 Re2
51.a5  1-0

[Event "3rd Dato Arthur Tan"]
[Site "Kuala Lumpur MAS"]
[Date "2006.08.23"]
[Round "5"]
[White "Shvedchikov,A"]
[Black "Geldyev,G"]
[Result "1-0"]
[WhiteElo "2427"]
[BlackElo "2267"]

1.c4 c6 2.Nf3 d5 3.e3 Nf6 4.Nc3 e6 5.b3 Nbd7 6.Qc2 Bd6 7.Bb2 O-O 8.d4 e5
9.cxd5 cxd5 10.dxe5 Nxe5 11.Be2 Qe7 12.Nd4 Nc6 13.Rd1 Nxd4 14.Rxd4 Be6 15.O-O Rac8
16.Qd1 Rfd8 17.Nb5 Bb8 18.Rh4 Ne4 19.g3 a6 20.Nd4 Be5 21.Nc6 Rxc6 22.Bxe5 Bh3
23.Rxh3 Qxe5 24.Rh5 Qe6 25.Bd3 Nf6 26.Rh4 Qe5 27.Rd4 g6 28.Qd2 Rdc8 29.Qb4 Qc7
30.Kg2 Kg7 31.Rd1 h5 32.h3 Rc5 33.Rf4 Rc6 34.Qd4 Re8 35.b4 b5 36.a4 Qb7 37.axb5 axb5
38.Ra1 Re7 39.g4 hxg4 40.hxg4 g5 41.Rf5 Ree6 42.Rxg5+ Kf8 43.Rf5 Rb6 44.g5 Ng8
45.Rh1 Rbd6 46.Rh7  1-0

[Event "Independence Cup A"]
[Site "Kyiv UKR"]
[Date "2006.08.23"]
[Round "11"]
[White "Baryshpolets,A"]
[Black "Perun,S"]
[Result "1/2-1/2"]
[WhiteElo "2251"]
[BlackElo "2355"]

1.c4 c6 2.e4 d5 3.exd5 cxd5 4.d4 Nf6 5.Nc3 e6 6.Nf3 Be7 7.cxd5 Nxd5 8.Bd3 Nc6
9.O-O O-O 10.Re1 Bf6 11.Be4 Nce7 12.Qd3 g6 13.h4 Bd7 14.Bxd5 Nxd5 15.Nxd5 exd5
16.Bg5 Bf5 17.Qd2 Rc8 18.Rac1 Rxc1 19.Qxc1 a6 20.a3 Qd6 21.Bxf6 Qxf6 22.Qf4 Kg7
23.Rc1 Be6 24.Qxf6+ Kxf6 25.Rc7 b5 26.Ng5 Kf5 27.f3 h6 28.Nxe6 fxe6 29.Kf2 g5
30.hxg5 hxg5 31.Ke3 g4 32.Rc6 gxf3 33.Kxf3 e5 34.Rxa6 exd4 35.Rb6 Ke5+ 36.Ke2 Rg8
37.Rxb5 Ke4 38.g4 Rxg4 39.Rb8 Rg2+ 40.Kd1 Ke3 41.Re8+ Kd3 42.Ke1 Rxb2 43.Rd8 Ra2
44.Rxd5 Ra1+ 45.Kf2 Rxa3 46.Rd8 Ra1 47.Rd7 Rd1 48.Ra7 Rc1 49.Rd7 Rc4 50.Ke1 Rb4
51.Rd8 Rb1+ 52.Kf2 Kc3 53.Ke2 Rb2+ 54.Kd1 Rh2 55.Rd7 Kd3 56.Kc1 Rh1+ 57.Kb2 Rh4
58.Kc1 Rh1+ 59.Kb2 Rd1 60.Rh7 Re1 61.Rd7 Ke3 62.Kc2 Re2+ 63.Kd1 Rg2 64.Rd8 Kd3
65.Kc1 Rg7 66.Rd6 Rc7+ 67.Kd1 Kc3 68.Ra6 Kd3 69.Rd6 Rc8 70.Rh6 Re8 71.Ra6 Ke3
72.Ra3+ Ke4 73.Rh3 Rg8 74.Kd2 Rg2+ 75.Kd1 Kd5 76.Rf3 Kc4 77.Rh3 Ra2 78.Rg3 Ra5
79.Kd2 Rh5 80.Rf3 Rh2+ 81.Kd1 Kd5 82.Rg3 Ke4 83.Ra3 d3  1/2-1/2

[Event "3rd Dato Arthur Tan"]
[Site "Kuala Lumpur MAS"]
[Date "2006.08.25"]
[Round "7"]
[White "Inoue,S"]
[Black "Shanmugam,R"]
[Result "0-1"]
[WhiteElo "2002"]
[BlackElo "2156"]

1.c4 c6 2.Nf3 d5 3.e3 e6 4.Nc3 Nd7 5.b3 f5 6.Bb2 Ngf6 7.d4 Bd6 8.Bd3 Ne4
9.Qc2 Qf6 10.O-O-O b6 11.Rdf1 Bb7 12.Rhg1 g5 13.h3 Nxc3 14.Bxc3 h5 15.Kb1 Rf8
16.c5 Bc7 17.cxb6 axb6 18.Bb4 Rf7 19.Bb5 Nb8 20.Bd3 Na6 21.Bc3 Kd7 22.Rc1 Qe7
23.Bxa6 Rxa6 24.b4 Rf8 25.b5 cxb5 26.Qb3 Rfa8 27.Bb4 Qd8 28.Rc2 g4 29.Ne5+ Bxe5
30.dxe5 Rc8 31.Rxc8 Qxc8 32.Rc1 Bc6 33.Bd6 Ra4 34.hxg4 Rxg4 35.Rh1 Qe8 36.f3 Rc4
37.Rc1 Rxc1+ 38.Kxc1 Qa8 39.g4 hxg4 40.fxg4 fxg4 41.Qc2 Qg8 42.Qh2 g3 43.Qh4 Qg7
44.Qh1 g2 45.Qg1 d4 46.exd4 Qg5+ 47.Kd1 Bf3+ 48.Ke1 Qc1+ 49.Kf2 Qf4 50.Ke1 Qh4+
51.Kd2 Qh1  0-1

[Event "3rd Dato Arthur Tan"]
[Site "Kuala Lumpur MAS"]
[Date "2006.08.25"]
[Round "8"]
[White "Megaranto,S"]
[Black "Dotsenko,Vi"]
[Result "1-0"]
[WhiteElo "2512"]
[BlackElo "2103"]

1.c4 c6 2.d4 d5 3.Nf3 Nf6 4.Nc3 dxc4 5.a4 Bf5 6.e3 e6 7.Bxc4 Bb4 8.O-O O-O
9.h3 Nbd7 10.Nh4 Bg6 11.Nxg6 hxg6 12.Qc2 Qb6 13.Rd1 c5 14.d5 exd5 15.Nxd5 Nxd5
16.Rxd5 Rad8 17.e4 Nf6 18.Rxd8 Rxd8 19.e5 Nd7 20.Bg5 Re8 21.e6 Rxe6 22.Bxe6 Qxe6
23.Rd1 Nf6 24.b3 Ne4 25.Be3 Kh7 26.f3 Ng3 27.Bf2 Ne2+ 28.Kf1 Nf4 29.Qc4 Qf5
30.Be3 Ne6 31.Qe4 Qf6 32.h4 Qc3 33.Qd3 Qe5 34.Kg1 a6 35.Qe4 Qc3 36.h5 Qxb3
37.hxg6+ fxg6 38.Rd5 Ba5 39.Qxe6 Qb1+ 40.Kh2 Bc7+ 41.f4 Qe1 42.Qh3+ Kg8 43.Rxc5  1-0

[Event "3rd Dato Arthur Tan"]
[Site "Kuala Lumpur MAS"]
[Date "2006.08.26"]
[Round "9"]
[White "Shvedchikov,A"]
[Black "Paragua,M"]
[Result "1/2-1/2"]
[WhiteElo "2427"]
[BlackElo "2604"]

1.c4 c6 2.Nf3 Nf6 3.Nc3 d5 4.d4 dxc4 5.e3 Bf5 6.Bxc4 e6 7.O-O Nbd7 8.Nh4 Bg6
9.Nxg6 hxg6 10.e4 Qc7 11.g3 O-O-O 12.Be3 Bb4 13.Qf3 Rhf8 14.e5 Ng8 15.Ne4 Nb6
16.Bb3 Ne7 17.a3 Ba5 18.Nc5 Nbd5 19.Bg5 Bb6 20.Rac1 Bxc5 21.Rxc5 f6 22.exf6 gxf6
23.Bc1 Nf5 24.Rd1 Qd6 25.Rc2 Rd7 26.Re2 Re7 27.Re4 Qc7 28.Rg4 g5 29.Bc2 Qd7
30.h4 gxh4 31.Bxf5 exf5 32.Rxh4 Rfe8 33.Kg2 Re4 34.Rdh1 Qe6 35.Rh8 Rxd4 36.Rxe8+ Qxe8
37.Qxf5+ Kc7 38.Rh7+ Kb6 39.Qf3 Qe4 40.Qxe4  1/2-1/2

[Event "6th Open"]
[Site "Velika Gorica CRO"]
[Date "2006.08.26"]
[Round "9"]
[White "Feletar,D"]
[Black "Bukal,V sr"]
[Result "1/2-1/2"]
[WhiteElo "2400"]
[BlackElo "2414"]

1.c4 c6 2.d4 d5 3.Nc3 Nf6 4.Nf3 a6 5.cxd5 cxd5 6.Bf4 Nc6 7.Rc1 e6 8.e3 Bd6
9.Bg5 O-O 10.Bd3 Be7 11.O-O h6  1/2-1/2

[Event "VIII Open"]
[Site "Sants ESP"]
[Date "2006.08.28"]
[Round "4"]
[White "Marin,M"]
[Black "Alsina Leal,D"]
[Result "1/2-1/2"]
[WhiteElo "2544"]
[BlackElo "2428"]

1.c4 c6 2.e4 d5 3.exd5 cxd5 4.d4 Nf6 5.Nc3 e6 6.Nf3 Bb4 7.Bd3 O-O 8.O-O dxc4
9.Bxc4 a6 10.a3 Bxc3 11.bxc3 b5 12.Bd3 Qd5 13.a4 Bb7 14.axb5 axb5 15.Rxa8 Bxa8
16.Qe2 Bc6 17.Ba3 Rc8 18.Rb1 Nbd7 19.Bxb5 Ne4 20.c4 Bxb5 21.Rxb5 Qxc4 22.Qxc4 Rxc4
23.Rb7 Nef6 24.h3 h6 25.Be7  1/2-1/2

[Event "Rudenko Mem"]
[Site "St Petersburg RUS"]
[Date "2006.08.29"]
[Round "4"]
[White "Yusupova,L"]
[Black "Gaprindashvili,N2"]
[Result "1/2-1/2"]
[WhiteElo "1785"]
[BlackElo "2062"]

1.c4 c6 2.Nc3 d5 3.cxd5 cxd5 4.d4 Nf6 5.Nf3 Nc6 6.e3 Bf5 7.h3 e6 8.a3 Bd6
9.Nh4 Bg6 10.Nxg6 hxg6 11.Be2 Rc8 12.Bd2 a6 13.b4 b5 14.Na2 Ne4 15.Bd3 Qh4
16.Bxe4 Qxe4 17.Qf3 Qxf3 18.gxf3 Kd7 19.Ke2 Rh4 20.Nc1 Rch8 21.Nd3 Rxh3 22.Rxh3 Rxh3
23.a4 Rh8 24.axb5 axb5 25.Nc5+ Bxc5 26.dxc5 d4 27.e4 Kc7 28.Ra6 Rb8 29.Bf4+ e5
30.Bd2 Kd7 31.f4 d3+ 32.Ke3 Rh8 33.Rb6 Rh3+ 34.f3 g5 35.fxg5 Kc7 36.Bc3 d2
37.Kxd2 Rxf3 38.Rxb5 Rg3 39.Rb6 Nd4 40.Bxd4 exd4 41.b5 Rxg5 42.Rc6+ Kb7 43.Kd3 Rg1
44.Kxd4 Rb1 45.Rb6+ Kc7 46.Rc6+ Kb7 47.Rd6 Rxb5 48.Rd7+ Kc6 49.Rxf7 Rxc5
50.Rxg7 Ra5 51.Rf7 Kd6 52.Rf6+ Ke7 53.Rb6 Rh5 54.e5 Rh1 55.Rb7+ Ke6 56.Rb6+ Ke7
57.Rb7+ Ke6  1/2-1/2

[Event "Chess Cruise g/15"]
[Site "Odessa/Istanbul UKR/TUR"]
[Date "2006.08.30"]
[Round "4"]
[White "Tukmakov,V"]
[Black "Zhukova,N"]
[Result "0-1"]
[WhiteElo "2560"]
[BlackElo "2456"]

1.c4 c6 2.Nf3 d5 3.e3 Nf6 4.b3 Bf5 5.Bb2 e6 6.Nc3 Be7 7.Be2 h6 8.O-O O-O
9.Rc1 Nbd7 10.cxd5 exd5 11.Nd4 Bg6 12.f4 c5 13.Nf3 d4 14.exd4 cxd4 15.Nxd4 Nc5
16.Na4 Nd3 17.Bxd3 Bxd3 18.Re1 Ba3 19.Nf3 Bxb2 20.Nxb2 Be4 21.Nc4 b5 22.Nce5 Qb6+
23.Kh1 Rad8 24.Re3 Bxf3 25.Qxf3 Rxd2 26.a3 Rfd8 27.h3 Nd5 28.Re4 Rf2 29.Qg3 Nf6
30.Ree1 Rdd2 31.Rc8+ Kh7 32.Nxf7 Ng8 33.Rg1 Qf6 34.Rc7 Ne7 35.Ne5 Nf5 36.Qc3 Qh4
37.Nf3 Qxf4 38.Nxd2 Ng3+ 39.Qxg3 Qxg3 40.Ne4 Qxc7 41.Nxf2 Qc2 42.Ng4 Qxb3  0-1

[Event "VIII Open"]
[Site "Sants ESP"]
[Date "2006.08.30"]
[Round "6"]
[White "Gonzalez Diaz,J"]
[Black "Alsina Leal,D"]
[Result "0-1"]
[WhiteElo "2236"]
[BlackElo "2428"]

1.c4 c6 2.g3 d5 3.cxd5 cxd5 4.d4 Nf6 5.Nf3 Nc6 6.Bg2 Bf5 7.Nc3 e6 8.O-O Be7
9.Ne5 O-O 10.Nxc6 bxc6 11.Na4 Nd7 12.Be3 Qa5 13.a3 Qb5 14.Rc1 Nb6 15.Nxb6 axb6
16.Qd2 c5 17.h3 h6 18.Rc3 e5 19.dxe5 d4 20.Bxa8 dxc3 21.Qxc3 Rxa8  0-1

[Event "TCh-Serbia"]
[Site "Zlatibor SCG"]
[Date "2006.08.30"]
[Round "5"]
[White "Lazic,Mir"]
[Black "Nadj Hedjesi,B"]
[Result "0-1"]
[WhiteElo "2477"]
[BlackElo "2311"]

1.c4 c6 2.Nf3 Nf6 3.Nc3 d5 4.e3 e6 5.Qc2 Nbd7 6.d4 Bd6 7.Bd3 dxc4 8.Bxc4 b5
9.Be2 Bb7 10.O-O O-O 11.Rd1 Qb8 12.e4 e5 13.dxe5 Nxe5 14.Nxe5 Bxe5 15.g3 Re8
16.Bf3 c5 17.Nd5 Nxd5 18.exd5 Qd6 19.Be3 Qf6 20.Bg2 Bxb2 21.Rab1 Bd4 22.Rxb5 Ba6
23.Rb3 c4 24.Ra3 Bxe3 25.Rxe3 Rxe3 26.fxe3 Rd8 27.Rd4 Qb6 28.h4 Qa5 29.Kh2 g6
30.Qe4 Qc5 31.d6 c3 32.Qe7 Rf8 33.Rd5 Qa3 34.Qxf8+ Kxf8 35.d7 c2 36.d8=Q+ Kg7
37.h5 Qxe3 38.Rd6 c1=Q 39.Qf6+ Kh6 40.Rxa6 Qeg1+ 41.Kh3 Qc8+ 42.g4 Qe3+ 43.Bf3 Qcc1  0-1

[Event "Rudenko Mem"]
[Site "St Petersburg RUS"]
[Date "2006.08.31"]
[Round "6"]
[White "Chernova,A"]
[Black "Bystryakova,E"]
[Result "1/2-1/2"]
[WhiteElo "2153"]
[BlackElo "2208"]

1.c4 c6 2.Nc3 d5 3.d4 e6 4.e3 Bd6 5.Nf3 Nf6 6.Bd3 Nbd7 7.O-O O-O 8.b3 dxc4
9.bxc4 e5 10.Bb2 Re8 11.Nd2 exd4 12.exd4 Nf8 13.h3 Ng6 14.Nce4 Bc7 15.Nxf6+ Qxf6
16.Bxg6 Qxg6 17.Qb3 Bf5 18.Rfe1 h6 19.Kh1 Kh7 20.Qf3 Rad8 21.Re3 Ba5 22.Nb3 Rxe3
23.Qxe3 Bc7 24.Nd2 Qd6 25.Nf3 Qb4 26.Qb3 a5 27.Re1 Bd6 28.Bc3 Qxb3 29.axb3 Ra8
30.c5 Bf8 31.Ra1 Bc2 32.Nd2 a4 33.Ra2 Bd1 34.Ra1 Bc2 35.Ra2 Bd1 36.Ra1 Bc2
37.Ra2 Bd1  1/2-1/2

[Event "Rudenko Mem"]
[Site "St Petersburg RUS"]
[Date "2006.08.31"]
[Round "6"]
[White "Yusupova,L"]
[Black "Sadykova,A"]
[Result "0-1"]
[WhiteElo "1785"]
[BlackElo "2127"]

1.c4 c6 2.Nc3 d5 3.cxd5 cxd5 4.b3 Nc6 5.Bb2 Bf5 6.g3 e6 7.Bg2 Nf6 8.d3 Bb4
9.a3 Bd6 10.h3 a6 11.e4 dxe4 12.dxe4 Bg6 13.f4 Qb6 14.e5 Qe3+ 15.Nce2 Ne4
16.Bd4 Nxd4 17.Qxd4 Qxd4 18.Nxd4 Bc5 19.Nge2 Rd8 20.Nf3 O-O 21.Rf1 Rd3 22.b4 Bb6
23.Nh4 Nxg3 24.Nxg6 hxg6 25.Rf3 Rxf3 26.Bxf3 Nxe2 27.Kxe2 Rb8 28.Rd1 a5 29.Rd7 axb4
30.axb4 Bg1 31.Bxb7 Bh2 32.Kf3 g5 33.fxg5 Bxe5 34.b5 Bc3 35.Bc6 Ba5 36.Ke4 Rd8
37.Ra7 Bb6 38.Rb7 Bc5 39.b6 Kh7 40.Ke5 Bd4+ 41.Kf4 Kg6 42.Be4+ f5 43.gxf6 Kxf6
44.Bf3 Rd6 45.Rc7 Bxb6 46.Rc6 Rd4+ 47.Be4 Ba5 48.Ke3 Rd1 49.Bf3 Re1+ 50.Kf2 Re5
51.Bg4 Bb4 52.Ra6 g6 53.Rc6 Be7 54.Ra6 Bd8 55.Rc6 Ke7 56.Ra6 Bc7 57.Rc6 Bd6
58.Rc2 Rd5 59.Re2 e5 60.Bf3 Ra5 61.h4 Kf6 62.h5 g5 63.Be4 Bc5+ 64.Kg2 Ra1
65.Kg3 Rg1+ 66.Rg2 Re1 67.Bf3 e4 68.Re2 Rg1+ 69.Bg2 e3 70.Kg4 Rc1 71.h6 Rc4+
72.Kg3 Kg6 73.Bf3 Kxh6 74.Rh2+ Kg6 75.Bh5+ Kf5 76.Be2 Bd6+ 77.Kf3 Rc3 78.Rg2 Bf4
79.Rg4 Rc1 80.Rg2 Rh1 81.Bd3+ Ke5 82.Ke2 Kd4 83.Bf5 Ra1 84.Bg4 Ra2+ 85.Kf1 Rd2
86.Re2 Ke4 87.Kg2 Be5 88.Rxd2 exd2 89.Kf1 Kd4 90.Bd1 Bf4 91.Kg2 Kc3 92.Kf1 Kb2
93.Ke2 Kc1  0-1

[Event "FSIMA September"]
[Site "Budapest HUN"]
[Date "2006.09.02"]
[Round "1"]
[White "Werner,Di"]
[Black "Galyas,M"]
[Result "1/2-1/2"]
[WhiteElo "2315"]
[BlackElo "2390"]

1.c4 c6 2.d4 d5 3.cxd5 cxd5 4.Nc3 Nc6 5.Nf3 Nf6 6.Bf4 a6 7.e3 Bg4 8.Be2 e6
9.O-O Bd6 10.Bxd6 Qxd6 11.Rc1  1/2-1/2

[Event "ch-AUT"]
[Site "Koeflach AUT"]
[Date "2006.09.02"]
[Round "1"]
[White "Stanec,N"]
[Black "Ragger,M"]
[Result "1/2-1/2"]
[WhiteElo "2517"]
[BlackElo "2456"]

1.c4 c6 2.d4 d5 3.cxd5 cxd5 4.Nc3 Nf6 5.Nf3 Nc6 6.Bf4 a6 7.e3 Bg4 8.Be2 e6
9.h3 Bh5 10.O-O Bd6 11.Bxd6 Qxd6  1/2-1/2

[Event "Universities"]
[Site "Istanbul TUR"]
[Date "2006.09.03"]
[Round "5"]
[White "Zarkua,D"]
[Black "Ozkan,E"]
[Result "1-0"]
[WhiteElo "2404"]
[BlackElo "2256"]

1.c4 c6 2.Nf3 Nf6 3.g3 d5 4.Bg2 Bf5 5.cxd5 cxd5 6.Qb3 Qb6 7.Qxb6 axb6 8.Nc3 e6
9.Nb5 Na6 10.d3 Bb4+ 11.Bd2 Ke7 12.Nfd4 Bg6 13.f4 Rhe8 14.Bxb4+ Nxb4 15.Nc7 Nc6
16.Nc2 h5 17.Kd2 Kd6 18.Nxe8+ Rxe8 19.Bf3 e5 20.fxe5+ Nxe5 21.Nd4 Nc6 22.Nxc6 bxc6
23.b4 Nd7 24.a4 Ne5 25.Bg2 f6 26.Rhc1 Bf7 27.b5 c5 28.a5 Nd7 29.axb6 Nxb6
30.Ra7 Be6 31.Rxg7 Ra8 32.Bf3 Ra5 33.Bxh5 Rxb5 34.Bg4 f5 35.Bf3 c4 36.h4 d4
37.dxc4 Nxc4+ 38.Ke1 Ne5 39.Rd1 d3 40.Rxd3+ Nxd3+ 41.exd3 Rb2 42.Be2 Ke5
43.Kf2 Rb1 44.Ke3 Kf6 45.Rc7 Rg1 46.Kf2 Rh1 47.Bf3 Rh2+ 48.Ke3 Ra2 49.Rc6 Ra5
50.h5 Kf7 51.Rb6 Ra2 52.d4 Ra3+ 53.Kf4 Rd3 54.Rb4 Kf6 55.h6 Rd2 56.Ke3 Rh2
57.Rb6 Ke7 58.d5 Bf7 59.d6+ Ke6 60.Bd5+ Kxd5  1-0

[Event "5th Kesarovski - Georgiev Mem"]
[Site "Sunny Beach BUL"]
[Date "2006.09.03"]
[Round "2"]
[White "Fernandez Manrique,A"]
[Black "Metz,Ha"]
[Result "0-1"]
[WhiteElo "2168"]
[BlackElo "2302"]

1.c4 c6 2.g3 d5 3.Bg2 Nf6 4.Nf3 Bf5 5.cxd5 cxd5 6.Qb3 Bc8 7.O-O Nc6 8.d3 e6
9.Bf4 Bd6 10.Bxd6 Qxd6 11.Nc3 O-O 12.e4 d4 13.Nb5 Qd8 14.e5 Nd7 15.Rfe1 Qb6
16.Qc4 Na5 17.Qa4 Nc5 18.Qxd4 Qxb5 19.b4 Ncb3 20.axb3 Nxb3 21.Qe4 Nxa1 22.Rxa1 Qd5
23.Qe3 Rd8 24.d4 Qb5 25.Bf1 Qe8 26.Bd3 Bd7 27.Qe4 g6 28.Qh4 Bb5 29.Ng5 Bxd3
30.Qxh7+ Kf8 31.Qh4 Rdc8 32.Qh8+ Ke7 33.Qf6+ Kd7 34.d5 Qe7 35.dxe6+ fxe6
36.Qf4 Kc7 37.Rd1 Rd8 38.Nf7 Bb5 39.Rc1+ Kb8 40.Nxd8 Qxd8 41.Qf7 a6 42.Qxe6 Ka7
43.h4 Qb6 44.Qf7 Re8 45.Rc5 Qe6 46.Qg7 Re7 47.Qf8 Rf7 48.Qc8 Qa2 49.Rc2 Qa1+
50.Kh2 Qxe5 51.f4 Qd5 52.Qc5+ Qxc5 53.Rxc5 Re7 54.g4 Re4 55.Kg3 Rxb4 56.h5 gxh5
57.g5 h4+ 58.Kf3 Bc6+ 59.Kg4 h3 60.Rc2 Bd7+ 61.Kg3 Bf5 62.Re2 Rb3+  0-1

[Event "3rd Open"]
[Site "Kalamaria GRE"]
[Date "2006.09.04"]
[Round "7"]
[White "Grigoriadis,A"]
[Black "Parligras,M"]
[Result "0-1"]
[WhiteElo "2214"]
[BlackElo "2510"]

1.c4 c6 2.d4 d5 3.Nc3 Nf6 4.Nf3 e6 5.Bg5 dxc4 6.a4 Bb4 7.e3 b5 8.Be2 Bb7
9.O-O a6 10.Ne5 Nbd7 11.f4 Qc7 12.Bf3 O-O 13.Qc2 Nd5 14.Rfe1 f6 15.Nxd7 Qxd7
16.Bh4 c5 17.Bxd5 exd5 18.axb5 axb5 19.Rxa8 Rxa8 20.f5 Re8 21.Bf2 Bc8 22.dxc5 Bxc5
23.Rd1 Re5 24.Qd2 Qxf5 25.Nxb5 h5 26.Nd4 Qe4 27.Nf3 Rf5 28.Qa5 Bf8 29.Qd8 Be6
30.Ra1 Rxf3 31.gxf3 Qxf3 32.Qc7 Qe2 33.h4 Bf5 34.Ra7 Be4 35.Qf7+ Kh7 36.Ra1 Qg4+  0-1

[Event "59th ch-RUS 1st League"]
[Site "Tomsk RUS"]
[Date "2006.09.04"]
[Round "2"]
[White "Yudin,S"]
[Black "Galkin,A"]
[Result "1-0"]
[WhiteElo "2475"]
[BlackElo "2600"]

1.c4 c6 2.Nc3 d5 3.d4 Nf6 4.g3 dxc4 5.Bg2 Bg4 6.h3 Be6 7.e4 Na6 8.Nf3 g6
9.Ng5 Bc8 10.e5 h6 11.Nxf7 Kxf7 12.exf6 exf6 13.O-O Nc7 14.d5 Nxd5 15.Nxd5 cxd5
16.Bxd5+ Kg7 17.Qf3 Qb6 18.Be3 Bc5 19.Bxc5 Qxc5 20.Rfc1 Rd8 21.Rxc4 Qd6 22.Bxb7 Rb8
23.Bxc8 Rdxc8 24.Rd1 Qe7 25.Rcd4 Rc7 26.b3 h5 27.Qf4 Rbc8 28.h4 Rb7 29.Rd6 Rf8
30.R1d3 Qe1+ 31.Kg2 Re7 32.Re3 Rxe3 33.Qxe3 Qa5 34.Qe6 Rf7 35.Qe8  1-0

[Event "5th Open"]
[Site "Istanbul TUR"]
[Date "2006.09.05"]
[Round "7"]
[White "Pantsulaia,L"]
[Black "Sulashvili,M"]
[Result "1/2-1/2"]
[WhiteElo "2584"]
[BlackElo "2431"]

1.c4 c6 2.Nf3 d5 3.d4 e6 4.Nc3 dxc4 5.e3 b5 6.a4 Bb4 7.Bd2 a5 8.axb5 Bxc3
9.Bxc3 cxb5 10.b3 Bb7 11.bxc4 b4 12.Bb2 Nf6 13.Bd3 O-O 14.O-O Nbd7 15.Re1 Re8
16.c5 Bc6 17.Bc2 Ne4 18.Ba4 Qc7 19.Nd2 Nxd2 20.Qxd2 e5 21.Bc2 Rad8 22.Qe2 exd4
23.Bxd4 Nf8 24.Bb2 Rd5 25.Qg4 Ng6 26.Bd4 h5 27.Qg3 Qxg3 28.hxg3 a4 29.Reb1 b3
30.Bd1 Rdd8 31.Bxh5 Nf8 32.Bf3 Bxf3 33.gxf3 Ra8 34.Kf1 Ne6 35.f4 f5 36.c6 Kf7
37.Be5 Rec8 38.Ke2 Nc5 39.c7 a3 40.Bd6 b2 41.Bxc5 bxa1=Q 42.Rxa1 Rxc7 43.Rxa3 Rxa3
44.Bxa3 Ke6 45.Kf3 Kd5 46.Bb2 g6 47.Bd4 Rc2 48.Bb6  1/2-1/2